| 000 | 00783cab a2200229 4500 | ||
|---|---|---|---|
| 001 | ABS46908 | ||
| 008 | 090401t1992 xxu||||| |||| 00| 0 eng d | ||
| 035 | _a(Sirsi) u60101 | ||
| 041 | _aeng | ||
| 245 | _aEC public procurement rules for services | ||
| 260 | _c1992 | ||
| 350 | _a0 | ||
| 490 |
_aSingle Market Monitor _v4(10) July 1992, 78-80(3) |
||
| 520 | _aOutlines proposals put forward in two draft EC Directives "Public Services Directive" and "Utilities Services Directive" for extending public procurement rules to the purchasing of public services. | ||
| 650 | _aEC DIRECTIVES | ||
| 650 | _aPUBLIC PROCUREMENT | ||
| 650 | _aDIRECTIVE 92/50/EEC | ||
| 650 | _aUTILITIES SERVICES DIRECTIVE | ||
| 690 | _aEUROPE-SINGLE MARKET | ||
| 942 | _n0 | ||
| 948 | _c04/03/1997 | ||
| 999 |
_c37019 _d37019 |
||